| 000 | 00471cam a2200133 a 4500 | ||
|---|---|---|---|
| 100 | 0 |
_aMuḥammad ibn ʻAbd al-Wahhāb, _937362 |
|
| 245 | 1 | 0 |
_aKitab at-tawheed explained _cImam Muhammad ibn Abdul Wahab ; explanation compiled and translated by Sameh Strauch. |
| 260 |
_aRiyadh, Saudi Arabia : _bInternational Islamic Pub. House, IIPH, _c2002. |
||
| 300 |
_a463 p. ; _c22 cm. |
||
| 526 |
_a0 _b0 _c0 |
||
| 650 | 0 |
_aGod (Islam) _937114 |
|
| 650 | 0 |
_aMCE _9379 |
|
| 942 |
_2ddc _cBK |
||
| 999 |
_c542242 _d542242 |
||